000 01138nam0a22002411 4500
001 rc\1182496
005 20041129085747.2
035 _a(NLR Aleph) 006424547
090 _a5484105
_c5484105
100 _a20041129d1980 u |0rusy50 ca
101 0 _arus
102 _aRU
105 _ay |||||||||
200 1 _aНадежность в технике. Технологические системы. Методы оценки надежности одноканальных систем по параметрам производительности
_eМетод. рекомендации
_fВНИИ по нормализации в машиностроении
_g[Разраб. Черкесов Г.Н., Езимов С.Ф., Креденцер Б.П. и др.]
210 _aМ.
_cВНИИНмаш
_d1980
215 _a144 с.
_d20
702 1 _aЧеркесов
_bГ. Н.
_gГеннадий Николаевич
_4570
712 0 2 _aВНИИ по нормализации в машиностроении
_3RU\NLR\AUTH\889929882
801 0 _aRU
_bNLR
_gpsbo
801 1 _aRU
_bELAR
_2rusmarc
852 _aNLR
_j80-3/8803
942 _cBOOK
980 _aNB